Best selling shoe brands - Statistics

General Stats
  • This quiz has been taken 299 times
  • The average score is 5 of 8
Answer Stats
Answer % Correct
2 Nike
99%
3 Adidas
94%
5 Puma
70%
7 Converse
56%
4 Reebok
47%
1 Jordan
45%
6 Fila
26%
8 Sketchers
26%
No matching quizzes found
Score Distribution
Percent of People with Each Score
Percentile by Number Answered
Your Score History
You have not taken this quiz